| 000 | 00901nam a2200313 a 4500 | ||
|---|---|---|---|
| 001 | vtls001439339 | ||
| 003 | NLI | ||
| 005 | 20210627122024.0 | ||
| 008 | 121130s1992 ii 000 0 eng | ||
| 020 | _c(pbk.) | ||
| 039 | 9 |
_y201211301647 _zVLOAD |
|
| 040 |
_aNLI _beng _cDatasoft_GENG _eAACR2 |
||
| 041 | 0 | _aeng | |
| 044 | _aii | ||
| 082 | 0 | 4 | _a338.9 |
| 100 | 1 |
_aBagchi, Amiya Kumar _9985076 |
|
| 245 | 1 | 0 |
_aOn the political economy of the choice of a trade regime / _cAmiya Kumar Bagchi |
| 260 |
_aCalcutta : _bCentre for Studies in Social Sciences, _c1992 |
||
| 300 |
_a65 p. ; _c27 cm. |
||
| 440 | 0 |
_aOccasional paper no ; _v131 _9706279 |
|
| 650 | 0 | _aEconomics | |
| 650 | 0 | _aPolitical science | |
| 887 | _a | ||
| 901 |
_aDB64192 _b08.10.1993 |
||
| 902 | _aE/O 338.9 B 146 | ||
| 904 | _l544 | ||
| 949 |
_AVIRTUAITEM _D10000 _X100 _6DBA000064192ENG |
||
| 942 |
_2ddc _cBKS |
||
| 999 |
_aVIRTUA40 _c891786 _d891786 |
||